000 01878cam a2200361 a 4500
999 _c6463
_d6463
003 OSt
005 20200210090213.0
008 110303s2005 ck a r 000 0 spa d
020 _a9583366501
040 _aCO-BoBLA
_bspa
_cCO-JMCR
041 0 _aspa
082 _aR 333.75 /
_bC718r
_221
110 1 _aColombia.
_bMinisterio de Ambiente, Vivienda y Desarrollo Territorial
_9302
245 1 0 _aReservas forestales protectoras nacionales :
_batlas básico /
_cMinisterio de Ambiente, Vivienda y Desarrollo Territorial ; editor y director general del proyecto Víctor Hugo Vásquez Vásquez ; fotografías Alejandro Ayala, Alejandro Zamora, Alonso Quevedo [y otros 25]
250 _aSegunda edición
260 _aBogotá :
_bMinisterio de Ambiente, Vivienda y Desarrollo Territorial ;
_bInstituto Geográfico Agustín Codazzi ;
_bEmbajada Real de los Países Bajos ;
_bConservación Internacional Colombia,
_c2005.
300 _a127 páginas :
_bilustraciones, fotografías a color y mapas ;
_c42 cm.
500 _aIncluye índice
504 _aBibliografía: páginas [124]-127
505 _aRegión Andina -- Región Caribe -- Regiones Orinoquia y Amazonía -- Región del Pacífico
650 1 4 _aReservas forestales
_zColombia
_vAtlas
_9303
650 2 4 _aConservación de la naturaleza
_zColombia
_vAtlas
_9304
650 2 4 _aConservación de los recursos naturales
_zColombia
_vAtlas
_9305
650 2 4 _aConservación de bosques
_vColombia
_vAtlas
_9306
650 2 4 _aConservación de la vida silvestre
_zColombia
_vAtlas
_9307
650 2 4 _aRecursos naturales
_zColombia
_vAtlas
_9308
650 2 4 _aParques naturales
_zColombia
_vAtlas
_9309
700 1 _aAyala, Alejandro,
_efotógrafo
_9310
700 1 _aZamora, Alejandro,
_dfotógrafo
_9311
700 1 _aQuevedo, Alonso,
_dfotógrafo
_9312
700 1 _aVásquez Vásquez, Víctor Hugo,
_eeditor
_9313
942 _2ddc
_cBK